Elementos de anthropologia (Record no. 159043)
[ view plain ]
| 000 -LEADER | |
|---|---|
| campo de control de longitud fija | 00814nam a22002055i 4500 |
| 001 - NÚMERO DE CONTROL | |
| campo de control | 159043 |
| 003 - IDENTIFICADOR DE NÚMERO DE CONTROL | |
| campo de control | ES-MaACL |
| 005 - FECHA Y HORA DE LA ÚLTIMA TRANSACCIÓN | |
| campo de control | 20251014063227.0 |
| 008 - DATOS DE LONGITUD FIJA--INFORMACIÓN GENERAL | |
| campo de control de longitud fija | 010528s1855 po |||| | por d |
| 040 ## - FUENTE DE CATALOGACIÓN | |
| Centro catalogador/agencia de origen | CAM |
| Lengua de catalogación | spa |
| Centro/agencia transcriptor | CAM |
| 100 1# - ENTRADA PRINCIPAL--NOMBRE DE PERSONA | |
| Nombre de persona | Martins, Oliveira, |
| Fechas asociadas al nombre | 1845-1894 |
| 9 (RLIN) | 129586 |
| 245 10 - MENCIÓN DEL TÍTULO | |
| Título | Elementos de anthropologia |
| Resto del título | : historia natural do homen / |
| Mención de responsabilidad, etc. | por J.P. Oliveira Martins. |
| 250 ## - MENCION DE EDICION | |
| Mención de edición | 3ª ed. emendada. |
| 260 ## - PUBLICACIÓN, DISTRIBUCIÓN, ETC. | |
| Lugar de publicación, distribución, etc. | Lisboa : |
| Nombre del editor, distribuidor, etc. | livraria Bertrand, |
| Fecha de publicación, distribución, etc. | 1885. |
| 300 ## - DESCRIPCIÓN FÍSICA | |
| Extensión | XIII, 271 p. ; |
| Dimensiones | 20 cm. |
| 490 1# - MENCIÓN DE SERIE | |
| Mención de serie | Bibliotheca das Sciencias Sociales. A Pre-historia ; |
| Designación de volumen o secuencia | 7 |
| 830 0# - PUNTO DE ACCESO ADICIONAL DE SERIE-TÍTULO UNIFORME | |
| Título uniforme | Bibliotheca das Sciencias Sociales. A Pre-historia ; |
| Designación de volumen o secuencia | 7 |
| 9 (RLIN) | 221902 |
| 852 ## - LOCALIZACIÓN | |
| Ubicación | ES-MaACL |
| Número de control de estantería | F-7911 |
| Nota libre | -- Enc. pasta española |
| Encuadernación | -- Edic.: añadir en T260 (Porto : Typ. A.f. Vasconcellos) |
| Estatus retirado | Estado de pérdida | Estado de daño | No para préstamo | Colección | Biblioteca de origen | Biblioteca actual | Ubicación en estantería | Fecha de adquisición | Fuente de adquisición | Total de préstamos | Signatura topográfica completa | Código de barras | Visto por última vez | Precio de reemplazo | Tipo de ítem Koha |
|---|---|---|---|---|---|---|---|---|---|---|---|---|---|---|---|
| Libros del s. XIX | Biblioteca del Ateneo de Madrid | Biblioteca del Ateneo de Madrid | Sala Pecera Planta 2 | 17/01/2008 | F-7911 | 1166493 | 23/02/2023 | 23/02/2023 | Libro impreso antiguo |
